| 000 | 00918nam a22003857a 4500 | ||
|---|---|---|---|
| 005 | 20250204185220.0 | ||
| 008 | 150304b2003 xxu||||| |||| 00| 0 spa d | ||
| 020 | _a9706557296 | ||
| 041 | _aESP | ||
| 082 | _a613 L776L3 | ||
| 100 | _aLitin, Scott C. | ||
| 245 | _aLibro de la salud familiar | ||
| 250 | _aTercera edición | ||
| 260 | _aMéxico | ||
| 260 | _bEditorial Trillas | ||
| 260 | _c2006 | ||
| 300 | _a1448 páginas | ||
| 650 | _aSALUD | ||
| 650 | _aALIMENTACIÓN | ||
| 650 | _aCALIDAD DE VIDA | ||
| 650 | _aMUERTE | ||
| 650 | _aETAPAS DE LA VIDA | ||
| 650 | _aADOLESCENCIA | ||
| 650 | _aNIÑEZ | ||
| 650 | _aEMBARAZO | ||
| 650 | _aEMERGENCIAS | ||
| 650 | _aPRIMEROS AUXILIOS | ||
| 650 | _aURGENCIAS | ||
| 650 | _aENFERMEDAD TERMINAL | ||
| 650 | _aESTRÉS | ||
| 650 | _aCUIDADOS PALIATIVOS | ||
| 650 | _aDONACIÓN DE ÓRGANOS | ||
| 650 | _aAUTOPSIA | ||
| 942 |
_cBK _2ddc |
||
| 999 |
_c3664 _d3664 |
||